| 000 | 00698nam a2200229 a 4500 | ||
|---|---|---|---|
| 001 | BRL_1324 | ||
| 005 | 20190320211140.0 | ||
| 008 | 060114s1993----mx-ao#####---#000-0#spa-# | ||
| 041 | _aspa | ||
| 044 | _amx | ||
| 050 | 4 |
_aNK9214 _b.E83 1993 |
|
| 100 | 1 |
_aEtcharren, Patricia _94708 |
|
| 245 | 1 | 0 |
_aEl bordado en Yucatán _cPatricia Etcharren. |
| 260 |
_aMérida, Yucatán _bCasa de las Artesanías del Gobierno del Estado de Yucatán _c1993 |
||
| 300 |
_a127 p. _bil. (algunas a color) _c28 cm. |
||
| 500 | _aAu1555 | ||
| 504 | _aBibliografía : p. 124-127 | ||
| 650 | 1 | 4 |
_aTejido _zYucatán (México) _926527 |
| 650 | 1 | 4 |
_aBordado _zYucatán (México) _926528 |
| 902 | _aGRL | ||
| 942 |
_2lcc _cB |
||
| 999 |
_c10136 _d10136 |
||